[Event "Andorra Open"]
[Site "Escaldes"]
[Date "2019.08.02"]
[Round "7.25"]
[White "Fernandez De Bobadilla, Gabriel"]
[Black "Zambrana Petisme, Ramiro"]
[Result "0-1"]
[WhiteElo "2231"]
[BlackElo "2108"]
[PlyCount "70"]
[EventDate "2019.??.??"]
[EventCountry "AND"]

1. d4 Nf6 2. c4 g6 3. Nc3 Bg7 4. Nf3 d6 5. Bg5 O-O 6. e3 c5 7. d5 Na6 8. Be2
Nc7 9. O-O h6 10. Bh4 g5 11. Bg3 Nh5 12. Nd2 Nxg3 13. hxg3 a6 14. a4 Rb8 15.
Ra2 Bd7 16. a5 b5 17. axb6 Rxb6 18. f4 e6 19. dxe6 fxe6 20. Nde4 Ne8 21. Qd2
gxf4 22. gxf4 e5 23. Nd5 Rb8 24. g3 exf4 25. gxf4 Bf5 26. Bf3 Kh8 27. Rf2 Bxe4
28. Bxe4 Nf6 29. Bb1 Nxd5 30. Qxd5 Qe7 31. Qd3 Bf6 32. Kf1 Rg8 33. Rxa6 Qg7 34.
b3 Bh4 35. Rfa2 Qg1+ 0-1

[Event "Andorra Open"]
[Site "Escaldes"]
[Date "2019.08.03"]
[Round "8.9"]
[White "Aloma Vidal, Robert"]
[Black "Stella, Andrea"]
[Result "1/2-1/2"]
[WhiteElo "2419"]
[BlackElo "2511"]
[PlyCount "82"]
[EventDate "2019.07.??"]
[EventCountry "AND"]

1. d4 Nf6 2. c4 g6 3. Nc3 d5 4. cxd5 Nxd5 5. e4 Nxc3 6. bxc3 Bg7 7. Nf3 c5 8.
Be3 Qa5 9. Nd2 cxd4 10. Nc4 Qd8 11. cxd4 O-O 12. Rc1 f5 13. Qb3 f4 14. Bxf4 Nc6
15. Ne5+ e6 16. Nxc6 bxc6 17. Bd2 Bxd4 18. f3 Qd6 19. Bc4 Rb8 20. Qd3 Rd8 21.
Ke2 Qe5 22. Rc2 Bc5 23. Qc3 Bd4 24. Qa5 c5 25. h4 Rf8 26. h5 Qg7 27. h6 Qe5 28.
Rh3 Bb7 29. Bb3 a6 30. Qa3 Rbd8 31. Qc1 Qd6 32. Bc4 Kh8 33. Be1 Rd7 34. Bg3 e5
35. Rh1 Bc6 36. Qg5 Bb5 37. Rd1 Re8 38. Rd3 Bxc4 39. Rxc4 Qe6 40. Qc1 Rb7 41.
Rb3 Rxb3 1/2-1/2

[Event "Andorra Open"]
[Site "Escaldes"]
[Date "2019.08.03"]
[Round "8.10"]
[White "Asis Gargatagli, Hipolito"]
[Black "Suarez Uriel, Adrian"]
[Result "1-0"]
[WhiteElo "2506"]
[BlackElo "2392"]
[PlyCount "55"]
[EventDate "2019.07.??"]
[EventCountry "AND"]

1. e4 c5 2. Nf3 Nc6 3. d4 cxd4 4. Nxd4 Nf6 5. Nc3 e5 6. Ndb5 d6 7. Bg5 a6 8.
Na3 Be6 9. Nc4 Rb8 10. g3 Nd4 11. Ne3 Rc8 12. Bg2 Be7 13. O-O O-O 14. Ne2 Qb6
15. c3 Nc6 16. Nf5 Bxf5 17. exf5 Rfe8 18. Qb3 Qc7 19. Rad1 Nd7 20. Bc1 Nf6 21.
h3 Na5 22. Qc2 d5 23. g4 h6 24. Kh1 Nc6 25. f4 e4 26. a3 Bc5 27. Ng3 Rcd8 28.
Qe2 {Il·legible} 1-0

[Event "Andorra Open"]
[Site "Escaldes"]
[Date "2019.08.03"]
[Round "8.11"]
[White "Riff, Jean-Noel"]
[Black "Garcia Martin, Marta"]
[Result "1-0"]
[WhiteElo "2495"]
[BlackElo "2335"]
[PlyCount "61"]
[EventDate "2019.07.??"]
[EventCountry "AND"]

1. e4 e5 2. Nf3 Nc6 3. Bb5 a6 4. Ba4 Nf6 5. O-O Be7 6. Re1 b5 7. Bb3 d6 8. c3
O-O 9. h3 Bb7 10. d4 Nd7 11. Nbd2 exd4 12. cxd4 Re8 13. Nf1 Na5 14. Bc2 Bf6 15.
Ng3 g6 16. Bh6 Nc4 17. a4 bxa4 18. b3 axb3 19. Bxb3 Ncb6 20. Rb1 a5 21. Nh2 Bg5
22. Ng4 a4 23. Ba2 d5 24. e5 Ba6 25. Qf3 Re6 26. Bxg5 Qxg5 27. Bxd5 Nxd5 28.
Qxd5 Qd8 29. Ne4 Bd3 30. Ng5 c6 31. Nxe6 1-0

[Event "Andorra Open"]
[Site "Escaldes"]
[Date "2019.08.03"]
[Round "8.12"]
[White "Van Der Lende, Ilias"]
[Black "Fedorchuk, Sergey A"]
[Result "0-1"]
[WhiteElo "2350"]
[BlackElo "2633"]
[PlyCount "80"]
[EventDate "2019.07.??"]
[EventCountry "AND"]

1. e4 c5 2. c3 d5 3. exd5 Qxd5 4. d4 Nf6 5. Nf3 e6 6. Be3 cxd4 7. cxd4 Bb4+ 8.
Nc3 O-O 9. Bd3 b6 10. O-O Bxc3 11. bxc3 Ba6 12. Bxa6 Nxa6 13. Qa4 Qb7 14. c4
Rac8 15. Rab1 Nb8 16. Rfc1 h6 17. Qb5 Qe4 18. h3 Rfd8 19. a4 Nc6 20. Nd2 Qg6
21. Nf3 Ne4 22. d5 exd5 23. cxd5 Ne7 24. Rxc8 Rxc8 25. Re1 Nc3 26. Qd7 Ncxd5
27. Bd4 Qc6 28. Rxe7 Nxe7 29. Qxe7 Qc1+ 30. Ne1 Qf4 31. Bb2 Rc4 32. Nd3 Qf5 33.
Qe3 Kh7 34. Ne5 Re4 35. Qc3 f6 36. Ng4 Re2 37. Kh2 h5 38. Nxf6+ gxf6 39. Qc7+
Kg6 40. Qb8 Qd5 0-1

[Event "Andorra Open"]
[Site "Escaldes"]
[Date "2019.08.03"]
[Round "8.13"]
[White "Berkovich, Mark A"]
[Black "Admiraal, Miguoel"]
[Result "1/2-1/2"]
[WhiteElo "2338"]
[BlackElo "2504"]
[PlyCount "39"]
[EventDate "2019.07.??"]
[EventCountry "AND"]

1. Nf3 d5 2. g3 Bg4 3. Ne5 Bf5 4. Bg2 Nd7 5. d4 e6 6. c4 Nxe5 7. dxe5 c6 8. O-O
Bc5 9. cxd5 exd5 10. Nc3 Ne7 11. e4 dxe4 12. Nxe4 Bxe4 13. Bxe4 Qd4 14. Qc2
Qxe5 15. Bf4 Qh5 16. Rac1 Bd4 17. Rfe1 O-O 18. Bxh7+ Qxh7 19. Qxh7+ Kxh7 20.
Rxe7 1/2-1/2

[Event "Andorra Open"]
[Site "Escaldes"]
[Date "2019.08.03"]
[Round "8.14"]
[White "Ochsner, Bjorn Moller"]
[Black "Serra Pages, Jordi"]
[Result "1-0"]
[WhiteElo "2483"]
[BlackElo "2228"]
[PlyCount "71"]
[EventDate "2019.07.??"]
[EventCountry "AND"]

1. e4 e5 2. Nf3 Nc6 3. Bb5 a6 4. Ba4 Nf6 5. O-O Be7 6. Re1 b5 7. Bb3 d6 8. c3
O-O 9. h3 Nb8 10. d4 Nbd7 11. Nbd2 Bb7 12. Bc2 Re8 13. a4 c6 14. b4 Bf8 15. Bb2
Nb6 16. a5 Nbd7 17. Rb1 g6 18. Ba1 Bg7 19. dxe5 dxe5 20. c4 Qe7 21. Bb3 Nh5 22.
g3 c5 23. Rc1 Rac8 24. Qe2 Bc6 25. Qe3 h6 26. Rc2 cxb4 27. Rec1 bxc4 28. Rxc4
Bb7 29. Qa7 Rxc4 30. Rxc4 Nf8 31. Kh2 Ra8 32. Qb6 Rb8 33. Qxb4 Qxb4 34. Rxb4
Ne6 35. Bxe6 fxe6 36. Nxe5 1-0

[Event "Andorra Open"]
[Site "Escaldes"]
[Date "2019.08.03"]
[Round "8.15"]
[White "Hansen, Mads"]
[Black "Martinez Lopez, Ivan"]
[Result "1/2-1/2"]
[WhiteElo "2406"]
[BlackElo "2174"]
[PlyCount "82"]
[EventDate "2019.07.??"]
[EventCountry "AND"]

1. e4 d5 2. exd5 Qxd5 3. Nc3 Qd6 4. d4 Nf6 5. Nf3 c6 6. Ne5 Be6 7. Bf4 Qd8 8.
Qd2 g6 9. O-O-O Bg7 10. Bh6 Bxh6 11. Qxh6 Qd6 12. Be2 Nbd7 13. f4 Nb6 14. Rhe1
O-O-O 15. g4 Rhf8 16. Qh4 Nbd5 17. Nxd5 Nxd5 18. Qf2 f6 19. Nd3 Bg8 20. a3 e5
21. f5 e4 22. Nc5 Rde8 23. Bf1 e3 24. Qg3 Qf4 25. Re2 g5 26. Bg2 b6 27. Nd3 Qc7
28. Rf1 Re7 29. b3 Rfe8 30. Kb2 b5 31. Qh3 Qa5 32. Bxd5 Bxd5 33. Rfe1 Qd8 34.
Rxe3 Be4 35. Kc3 Bxd3 36. Kxd3 c5 37. c3 cxd4 38. Rxe7 dxc3+ 39. Kxc3 Rxe7 40.
Rxe7 Qxe7 41. Qd3 Qe1+ 1/2-1/2

[Event "Andorra Open"]
[Site "Escaldes"]
[Date "2019.08.03"]
[Round "8.16"]
[White "Mosquera, Miguel"]
[Black "Orteu Capdevila, Max"]
[Result "1-0"]
[WhiteElo "2385"]
[BlackElo "2173"]
[PlyCount "77"]
[EventDate "2019.07.??"]
[EventCountry "AND"]

1. e4 d6 2. d4 Nf6 3. Nc3 g6 4. f3 c6 5. Be3 Nbd7 6. Qd2 b5 7. O-O-O Nb6 8. b3
Qc7 9. Kb1 a5 10. d5 b4 11. Bxb6 Qxb6 12. Na4 Qc7 13. dxc6 Ba6 14. Bxa6 Rxa6
15. Ne2 Bg7 16. c3 bxc3 17. Nexc3 Rxc6 18. Rc1 O-O 19. Nb5 Qb7 20. Rxc6 Qxc6
21. Nd4 Qb7 22. Rc1 Rc8 23. Rxc8+ Qxc8 24. Qc2 Qa6 25. Qe2 Qc8 26. Qb5 h5 27.
Nc6 Qd7 28. Nb6 Qc7 29. Na8 Qd7 30. Nb6 Qc7 31. Na8 Qd7 32. Qb8+ Kh7 33. Qc7
Qe6 34. Qxe7 Qc8 35. Nc7 Ng8 36. Qxf7 Qb7 37. Ne7 Qxc7 38. Qxg8+ Kh6 39. Qf7
1-0

[Event "Andorra Open"]
[Site "Escaldes"]
[Date "2019.08.03"]
[Round "8.17"]
[White "Zambrana Petisme, Ramiro"]
[Black "Rendle, Thomas E"]
[Result "1/2-1/2"]
[WhiteElo "2108"]
[BlackElo "2372"]
[PlyCount "42"]
[EventDate "2019.07.??"]
[EventCountry "AND"]

1. e4 e6 2. d4 d5 3. Nd2 Be7 4. Ngf3 Nf6 5. e5 Nfd7 6. Bd3 c5 7. c3 Nc6 8. O-O
g5 9. dxc5 Ndxe5 10. Nxe5 Nxe5 11. Bb5+ Bd7 12. Bxd7+ Qxd7 13. Nf3 Nxf3+ 14.
Qxf3 e5 15. Rd1 e4 16. Qe2 Qe6 17. a4 O-O 18. Qh5 Rad8 19. Be3 Qg6 20. Qxg6+
hxg6 21. c6 bxc6 1/2-1/2

[Event "Andorra Open"]
[Site "Escaldes"]
[Date "2019.08.03"]
[Round "8.18"]
[White "Vogt, Lothar"]
[Black "Laliena Solanes, Luis"]
[Result "1-0"]
[WhiteElo "2360"]
[BlackElo "2175"]
[PlyCount "101"]
[EventDate "2019.07.??"]
[EventCountry "AND"]

1. Nf3 d5 2. c4 d4 3. g3 Nc6 4. Bg2 e5 5. d3 Bb4+ 6. Bd2 a5 7. O-O Nf6 8. Na3
O-O 9. Nc2 Bc5 10. e4 Rb8 11. a3 Qe7 12. b4 axb4 13. axb4 Nxb4 14. Nxb4 Bxb4
15. Bxb4 Qxb4 16. Nxe5 Nd7 17. Rb1 Qd6 18. Nxd7 Bxd7 19. f4 b5 20. e5 Qc5 21.
cxb5 Rxb5 22. Rxb5 Qxb5 23. Be4 Bh3 24. Qb1 Qa5 25. Qa1 Qd2 26. Qe1 Qa2 27. Rf2
Qb3 28. Qc1 c5 29. Rb2 Qa4 30. Rc2 Rc8 31. f5 h6 32. Kf2 Qa7 33. Kf3 Qd7 34.
Qf4 g5 35. fxg6 fxg6 36. Ra2 Rf8 37. Ra8 Rxa8 38. Bxa8 Bf5 39. Be4 Bxe4+ 40.
Qxe4 Qf5+ 41. Qxf5 gxf5 42. g4 fxg4+ 43. Kxg4 Kf7 44. Kf4 Ke6 45. Ke4 h5 46. h4
c4 47. dxc4 d3 48. Kxd3 Kxe5 49. Ke3 Kf5 50. Kd4 Ke6 51. Ke4 1-0

[Event "Andorra Open"]
[Site "Escaldes"]
[Date "2019.08.03"]
[Round "8.19"]
[White "Gaudineau, Eric"]
[Black "Sacristan Latorre, Alberto"]
[Result "0-1"]
[WhiteElo "2372"]
[BlackElo "2091"]
[PlyCount "78"]
[EventDate "2019.07.??"]
[EventCountry "AND"]

1. e4 c5 2. Nf3 Nc6 3. d4 cxd4 4. Nxd4 g6 5. Nc3 Bg7 6. Be3 Nf6 7. Bc4 O-O 8.
Bb3 Re8 9. O-O d6 10. h3 Na5 11. Re1 b6 12. Ba4 Bd7 13. Bg5 Bxa4 14. Nxa4 Rc8
15. b3 d5 16. e5 Ne4 17. Bf4 Nc5 18. Nc3 e6 19. Ncb5 Ne4 20. Nxa7 Nc3 21. Qd3
Rc7 22. Nab5 Nxb5 23. Nxb5 Rc6 24. a4 Nb7 25. Nd4 Rc8 26. Qb5 Qh4 27. Ne2 Nc5
28. Qxb6 Ne4 29. Rac1 g5 30. Bg3 Nxg3 31. Nxg3 Rc3 32. Ne2 Rcc8 33. Qd4 Qh6 34.
Ng3 Qg6 35. Re2 f6 36. exf6 Bxf6 37. Qg4 d4 38. Rxe6 d3 39. Rxe8+ Qxe8 0-1

[Event "Andorra Open"]
[Site "Escaldes"]
[Date "2019.08.03"]
[Round "8.20"]
[White "Blom, Vincent"]
[Black "Richard, Emma"]
[Result "0-1"]
[WhiteElo "2306"]
[BlackElo "2104"]
[PlyCount "190"]
[EventDate "2019.07.??"]
[EventCountry "AND"]

1. Nf3 Nf6 2. g3 g6 3. Bg2 Bg7 4. b3 O-O 5. Bb2 d5 6. c4 c6 7. O-O a5 8. d4 b5
9. Ne5 Be6 10. cxb5 cxb5 11. Nc3 b4 12. Na4 Nfd7 13. Nd3 Na6 14. Nf4 Nc7 15.
Nxe6 fxe6 16. Rc1 Rb8 17. Rc6 Rf6 18. Qc2 Nb5 19. Bh3 Nd6 20. Nc5 Nf8 21. Bc1
Nf5 22. Rd1 Rf7 23. Bb2 Qe8 24. Na6 Rd8 25. e3 Rd6 26. Rc1 Rf6 27. Rc8 Qd7 28.
Qc7 g5 29. Qxd7 Rxd7 30. Ra8 h5 31. Rcc8 Nd6 32. Nc5 Nxc8 33. Nxd7 Nxd7 34.
Rxc8+ Nf8 35. Ra8 e5 36. dxe5 Rc6 37. Rxa5 Rc2 38. Bd4 Rc1+ 39. Bf1 Ne6 40.
Rxd5 g4 41. Kg2 Ng5 42. Bc5 Nf3 43. Bxb4 h4 44. gxh4 e6 45. Rd4 Nxh4+ 46. Kg1
Nf3+ 47. Kg2 Nh4+ 48. Kg3 Nf5+ 49. Kg2 Nh4+ 50. Kg3 Nf5+ 51. Kxg4 Nxd4 52. Bc4
Nc6 53. Bxe6+ Kh7 54. Bf5+ Kg8 55. Be6+ Kh8 56. Bd6 Nxe5+ 57. Bxe5 Bxe5 58. f4
Bd6 59. e4 Rc2 60. h4 Rxa2 61. e5 Bb4 62. Bc4 Rf2 63. f5 Bc3 64. f6 Bxe5 65. f7
Kg7 66. Bd5 Bd6 67. Bc4 Rf4+ 68. Kg5 Rf6 69. h5 Be7 70. h6+ Rxh6+ 71. Kf5 Rd6
72. Ke5 Rd2 73. Ke6 Bb4 74. Bd5 Kf8 75. Bc4 Rd6+ 76. Kf5 Ke7 77. Ke5 Bc3+ 78.
Ke4 Bg7 79. Bd5 Rh6 80. Bc4 Kd6 81. Kf5 Rf6+ 82. Ke4 Bh6 83. Kd4 Rf4+ 84. Kc3
Kc5 85. Kd3 Rg4 86. Ke2 Rg3 87. Kf2 Rc3 88. Ke2 Kd4 89. Kf2 Ke4 90. Kg2 Bf8 91.
Kf2 Bc5+ 92. Kg2 Kf4 93. Bd5 Rc2+ 94. Kf1 Bb4 95. Bc4 Kg3 0-1

[Event "Andorra Open"]
[Site "Escaldes"]
[Date "2019.08.03"]
[Round "8.21"]
[White "Gomez Anadon, Daniel"]
[Black "Varela La Madrid, Tilsia Carolina"]
[Result "1-0"]
[WhiteElo "2305"]
[BlackElo "2068"]
[PlyCount "133"]
[EventDate "2019.07.??"]
[EventCountry "AND"]

1. Nf3 d5 2. g3 Nf6 3. Bg2 c6 4. b3 Bf5 5. d3 Nbd7 6. Bb2 e6 7. Nh4 Bg6 8. Nxg6
hxg6 9. c4 Bb4+ 10. Nd2 dxc4 11. bxc4 Qa5 12. Qc2 Ng4 13. Bxg7 Rh7 14. Bd4 e5
15. h3 exd4 16. hxg4 Rxh1+ 17. Bxh1 Bc3 18. Rd1 O-O-O 19. Kf1 Rh8 20. Bg2 Ne5
21. Kg1 Bxd2 22. Qxd2 Qxd2 23. Rxd2 Kc7 24. Be4 Nxg4 25. Bf3 Nh2 26. Kg2 Nxf3
27. Kxf3 Rh5 28. Kf4 Kd6 29. Rb2 b6 30. a4 f6 31. Ke4 Rg5 32. Kxd4 Ra5 33. Ra2
Rf5 34. e3 c5+ 35. Ke4 Rh5 36. a5 Rh1 37. axb6 axb6 38. Ra6 Rb1 39. g4 Rb2 40.
f3 Rb3 41. Ra8 Ke6 42. Re8+ Kf7 43. Rb8 Ke7 44. Rb7+ Ke6 45. Rg7 f5+ 46. gxf5+
gxf5+ 47. Kf4 Rxd3 48. Rg6+ Kd7 49. Rxb6 Rc3 50. Rf6 Rxc4+ 51. Kxf5 Rc1 52. Ke4
c4 53. Kd4 c3 54. Kd3 Ke7 55. Rf4 c2 56. Kd2 Ra1 57. Kxc2 Ra3 58. Kd2 Ke6 59.
Rc4 Kd5 60. Rc3 Ra1 61. Kd3 Rd1+ 62. Ke2 Rh1 63. Ra3 Kc4 64. Ra4+ Kb3 65. Rd4
Kc3 66. f4 Rh3 67. f5 1-0

[Event "Andorra Open"]
[Site "Escaldes"]
[Date "2019.08.03"]
[Round "8.22"]
[White "Morros Faura, Ricard"]
[Black "Partac, Elena"]
[Result "0-1"]
[WhiteElo "2258"]
[BlackElo "2046"]
[PlyCount "72"]
[EventDate "2019.07.??"]
[EventCountry "AND"]

1. e4 c5 2. Nf3 e6 3. d3 Be7 4. g3 d6 5. Bg2 Nf6 6. O-O Nc6 7. Re1 Rb8 8. a4 b6
9. d4 cxd4 10. Nxd4 Nxd4 11. Qxd4 O-O 12. a5 e5 13. Qd3 bxa5 14. b3 Be6 15. Bd2
Qd7 16. Bxa5 Rfc8 17. c4 Qb7 18. Nd2 Nd7 19. Reb1 Nc5 20. Qe3 Qd7 21. Bc3 f5
22. exf5 Bxf5 23. Bd5+ Kh8 24. Ne4 Bxe4 25. Bxe4 Nxe4 26. Qxe4 d5 27. Rd1 d4
28. Qxe5 Bf6 29. Qf4 Rd8 30. Ba5 Rf8 31. Rd3 Rbe8 32. Rf1 Qh3 33. Qd2 Re6 34.
Re1 Bg5 35. f4 Bxf4 36. Qf2 Be3 0-1

[Event "Andorra Open"]
[Site "Escaldes"]
[Date "2019.08.03"]
[Round "8.23"]
[White "Palacios Herrero, Pablo"]
[Black "Garcia Gracia, Victor Hugo"]
[Result "0-1"]
[WhiteElo "2248"]
[BlackElo "2032"]
[PlyCount "74"]
[EventDate "2019.07.??"]
[EventCountry "AND"]

1. e4 e5 2. Nf3 Nc6 3. Bb5 d6 4. d4 exd4 5. Nxd4 Bd7 6. Nc3 g6 7. Be3 Bg7 8.
Bxc6 bxc6 9. Qd2 Nf6 10. f3 O-O 11. O-O-O c5 12. Nde2 Re8 13. g4 a5 14. h4 a4
15. h5 a3 16. b3 c4 17. hxg6 hxg6 18. Bh6 Bh8 19. Bg5 Bg7 20. Qf4 cxb3 21. cxb3
Qe7 22. Nd5 Nxd5 23. Rxd5 Qf8 24. Qh2 Bb2+ 25. Kb1 Qg7 26. Nc1 Be6 27. Rd3 Reb8
28. Qc2 c5 29. Rxd6 Bxc1 30. Kxc1 c4 31. b4 Rxb4 32. Kd1 Qe5 33. Rd8+ Rxd8+ 34.
Bxd8 Qa1+ 35. Qc1 Rb1 36. Rh8+ Kg7 37. Bf6+ Kxf6 0-1

[Event "Andorra Open"]
[Site "Escaldes"]
[Date "2019.08.03"]
[Round "8.24"]
[White "Romero Pallares, Daniel"]
[Black "Gomez Salinas, Nestor"]
[Result "0-1"]
[WhiteElo "2230"]
[BlackElo "2010"]
[PlyCount "78"]
[EventDate "2019.07.??"]
[EventCountry "AND"]

1. Nf3 Nf6 2. c4 g6 3. Nc3 Bg7 4. e4 d6 5. d4 O-O 6. Be3 Nc6 7. d5 Nb4 8. a3
Na6 9. b4 c5 10. b5 Ng4 11. Bd2 Nc7 12. Bd3 Ne5 13. Nxe5 Bxe5 14. O-O f5 15.
exf5 Bxf5 16. Bxf5 Rxf5 17. f4 Bd4+ 18. Kh1 Qf8 19. g4 Bxc3 20. Bxc3 Rxf4 21.
Qe2 g5 22. Rxf4 gxf4 23. Rf1 Qf7 24. Qe4 Rf8 25. g5 e5 26. dxe6 Nxe6 27. g6
hxg6 28. Rg1 g5 29. Qf3 Qf5 30. Re1 Rf7 31. Qd5 Qxd5+ 32. cxd5 Nd4 33. Kg2 f3+
34. Kf2 Ne2 35. Bd2 Rf5 36. Be3 g4 37. Rh1 Rxd5 38. h3 Rh5 39. a4 b6 0-1

[Event "Andorra Open"]
[Site "Escaldes"]
[Date "2019.08.03"]
[Round "8.25"]
[White "Gil Quilez, David"]
[Black "Henderson De La Fuente, Andrea"]
[Result "1/2-1/2"]
[WhiteElo "2206"]
[BlackElo "1939"]
[PlyCount "110"]
[EventDate "2019.07.??"]
[EventCountry "AND"]

1. e4 d6 2. d4 Nf6 3. Nc3 e5 4. Nge2 Be7 5. g3 O-O 6. Bg2 c6 7. a4 a5 8. O-O
Na6 9. h3 Nb4 10. g4 d5 11. dxe5 Nxe4 12. Nxe4 dxe4 13. Qxd8 Bxd8 14. Bxe4 Re8
15. f4 f6 16. c3 Bb6+ 17. Kg2 Na6 18. Ng3 Nc5 19. Re1 Be6 20. Be3 Nxe4 21. Nxe4
Bxe3 22. Rxe3 fxe5 23. f5 Bd5 24. Kf2 Bxe4 25. Rxe4 Rad8 26. Rae1 Rd5 27. c4
Rd2+ 28. R1e2 Rd3 29. R2e3 Rd2+ 30. Re2 Rd3 31. R4e3 Rd4 32. b3 e4 33. Kg3 b5
34. axb5 cxb5 35. cxb5 Rb4 36. Ra2 Rxb5 37. Kf4 Reb8 38. Ra3 h5 39. Kg5 hxg4
40. hxg4 Re8 41. Ra4 Kf7 42. Rc4 Re7 43. Rc6 Ra7 44. Rcc3 Rab7 45. Kf4 g6 46.
Kg5 gxf5 47. gxf5 Re7 48. Rc6 Ree5 49. Rf6+ Kg7 50. Rh3 e3 51. Rg6+ Kf8 52.
Rh8+ Kf7 53. Rh7+ Kf8 54. Rh8+ Kf7 55. Rh7+ Kf8 1/2-1/2

[Event "Andorra open"]
[Site "Escaldes"]
[Date "2019.08.04"]
[Round "9.9"]
[White "Stella, Andrea"]
[Black "Mosquera, Miguel"]
[Result "1-0"]
[WhiteElo "2511"]
[BlackElo "2385"]
[PlyCount "77"]
[EventDate "2019.??.??"]
[EventCountry "AND"]

1. d4 d5 2. c4 c6 3. Nf3 Nf6 4. Nc3 e6 5. e3 Nbd7 6. Bd3 dxc4 7. Bxc4 b5 8. Bd3
b4 9. Ne4 Be7 10. O-O O-O 11. Nxf6+ Nxf6 12. e4 Bb7 13. Qc2 Nd7 14. Rd1 Qa5 15.
Bf4 Rac8 16. Nd2 Ba6 17. Nc4 Bxc4 18. Bxc4 e5 19. Be3 exd4 20. Bxd4 Bf6 21. Be3
Nb6 22. Be2 Qe5 23. Bd4 Qe6 24. Bc5 Rfe8 25. f3 Be7 26. Bf1 Qe5 27. Bf2 c5 28.
Ba6 Rcd8 29. Bb5 Rf8 30. b3 Rc8 31. Qe2 Rfd8 32. g3 g5 33. Rf1 h5 34. Rad1 Rxd1
35. Rxd1 Rd8 36. Rxd8+ Bxd8 37. Qe3 Be7 38. g4 Qb2 39. Qe2 1-0

[Event "Andorra open"]
[Site "Escaldes"]
[Date "2019.08.04"]
[Round "9.10"]
[White "Roberson, Peter T"]
[Black "Ochsner, Bjorn Moller"]
[Result "1/2-1/2"]
[WhiteElo "2429"]
[BlackElo "2483"]
[PlyCount "136"]
[EventDate "2019.??.??"]
[EventCountry "AND"]

1. e4 e5 2. Nf3 Nc6 3. Bb5 a6 4. Ba4 d6 5. O-O Bd7 6. c4 Nf6 7. Nc3 Be7 8. d3
O-O 9. h3 h6 10. Be3 Re8 11. a3 Bf8 12. b4 Ne7 13. Bb3 Ng6 14. Qd2 Nh5 15. d4
Qc8 16. Kh2 Nhf4 17. Ng1 exd4 18. Bxd4 d5 19. Nxd5 Nxg2 20. f3 N2h4 21. c5 c6
22. Nb6 Qc7+ 23. Kh1 Rad8 24. Qf2 Be6 25. Bxe6 Rxe6 26. Rad1 Be7 27. Nc4 Nf4
28. Nd6 Nhg6 29. Nf5 Bf6 30. Bxf6 Rxf6 31. Qg3 Qb8 32. h4 Rxd1 33. Rxd1 Qe5 34.
h5 Nxh5 35. Qxe5 Nxe5 36. Rd8+ Kh7 37. Rb8 Rg6 38. Rxb7 Nf4 39. Nh4 Rg5 40. Kh2
Rh5 41. Kg3 g5 42. Ng2 Rh1 43. Nxf4 Rxg1+ 44. Kf2 Ra1 45. Re7 Ra2+ 46. Ne2 Ng6
47. Rxf7+ Kg8 48. Rf6 Nf4 49. Rxh6 Rxe2+ 50. Kf1 Re3 51. Kf2 Rxa3 52. Rxc6 Nd3+
53. Kg3 Nxb4 54. Rc8+ Kg7 55. c6 Rc3 56. c7 a5 57. Kg4 Na6 58. Ra8 Nxc7 59.
Rxa5 Ne6 60. Kf5 Rc6 61. Ra1 Rb6 62. e5 Rc6 63. Rd1 Kf7 64. Rd6 Rxd6 65. exd6
Nd4+ 66. Kxg5 Nxf3+ 67. Kf4 Ke6 68. Kxf3 Kxd6 1/2-1/2

[Event "Andorra open"]
[Site "Escaldes"]
[Date "2019.08.04"]
[Round "9.11"]
[White "Cuartas, Jaime Alexander"]
[Black "Vogt, Lothar"]
[Result "1-0"]
[WhiteElo "2542"]
[BlackElo "2360"]
[PlyCount "63"]
[EventDate "2019.??.??"]
[EventCountry "AND"]

1. d4 Nf6 2. Nf3 g6 3. Bf4 c5 4. e3 Bg7 5. Be2 O-O 6. O-O cxd4 7. exd4 d5 8. c3
Nc6 9. h3 b6 10. Nbd2 e6 11. Bd3 Bb7 12. Re1 Qc8 13. Ne5 Nd7 14. Ndf3 Re8 15.
Nxd7 Qxd7 16. Ne5 Nxe5 17. dxe5 Bc6 18. Rc1 a5 19. Qg4 b5 20. a3 Qb7 21. Bg5
Qc7 22. Qf4 Rab8 23. h4 Qb7 24. Bf1 b4 25. axb4 axb4 26. Bf6 Bb5 27. Bxg7 Kxg7
28. Bxb5 Qxb5 29. h5 Kg8 30. c4 Qd7 31. cxd5 exd5 32. e6 1-0

[Event "Andorra open"]
[Site "Escaldes"]
[Date "2019.08.04"]
[Round "9.12"]
[White "Admiraal, Miguoel"]
[Black "Martinez Lopez, Ivan"]
[Result "1-0"]
[WhiteElo "2504"]
[BlackElo "2174"]
[PlyCount "119"]
[EventDate "2019.??.??"]
[EventCountry "AND"]

1. c4 e6 2. Nc3 d5 3. e3 Nf6 4. Nf3 Be7 5. b3 O-O 6. Bb2 b6 7. Be2 Bb7 8. Qc2
c5 9. cxd5 exd5 10. d4 Nbd7 11. O-O Rc8 12. Qf5 a6 13. Rfd1 Re8 14. Rac1 Bd6
15. dxc5 bxc5 16. Nxd5 Bxd5 17. Rxd5 Nxd5 18. Qxd5 Nf6 19. Qf5 Rc6 20. Bc4 Qd7
21. Qd3 Rd8 22. Bxf6 gxf6 23. g3 Bf8 24. Qe2 Rd6 25. Bxa6 Rd1+ 26. Rxd1 Qxd1+
27. Kg2 Qxe2 28. Bxe2 Bd6 29. a4 Bc7 30. Bc4 Ba5 31. Ng1 Rd2 32. Ne2 Kf8 33.
Nf4 h6 34. Nd3 Bb6 35. Kf3 Ke7 36. Kg4 Kf8 37. Kf5 Ke7 38. Ke4 Kd6 39. h4 Bd8
40. Kf5 Ke7 41. Kg4 Kf8 42. Kf3 Bb6 43. Ke4 Ke7 44. g4 Kd6 45. Bxf7 Bd8 46. Bc4
f5+ 47. Kxf5 Bxh4 48. f4 Bd8 49. e4 Rh2 50. e5+ Kc6 51. Ke4 Re2+ 52. Kf3 Rh2
53. f5 Rh3+ 54. Kg2 Rh4 55. Kg3 Bg5 56. f6 Rh1 57. a5 Ra1 58. a6 Kb6 59. Kf3
Rg1 60. f7 1-0

[Event "Andorra open"]
[Site "Escaldes"]
[Date "2019.08.04"]
[Round "9.13"]
[White "Roselli Mailhe, Bernardo"]
[Black "Ros Alonso, Jaume"]
[Result "1-0"]
[WhiteElo "2471"]
[BlackElo "2178"]
[PlyCount "83"]
[EventDate "2019.??.??"]
[EventCountry "AND"]

1. d4 Nf6 2. Nf3 g6 3. Nc3 d5 4. Bf4 Bg7 5. Nb5 Na6 6. e3 O-O 7. Be2 Bf5 8. O-O
c6 9. Nc3 Nc7 10. h3 Re8 11. Bd3 Bxd3 12. cxd3 Nd7 13. Qb3 b6 14. Rac1 e5 15.
dxe5 Nxe5 16. Nxe5 Bxe5 17. Bxe5 Rxe5 18. d4 Re6 19. Ne2 Rc8 20. Qa4 Nb5 21.
Rc2 a5 22. Re1 Qd7 23. Nf4 Re4 24. g3 Kg7 25. Qb3 Nd6 26. Qxb6 Nc4 27. Qc5 Rb8
28. b3 Rb5 29. Rxc4 Rxc5 30. Rxc5 g5 31. Nh5+ Kg6 32. g4 Re6 33. Ng3 Qe8 34.
Nf5 Kf6 35. Rxa5 h5 36. Rc5 Qh8 37. Kg2 Qa8 38. a4 Qa6 39. Rc2 hxg4 40. hxg4
Qd3 41. Rcc1 Qxb3 42. Rh1 1-0

[Event "Andorra open"]
[Site "Escaldes"]
[Date "2019.08.04"]
[Round "9.14"]
[White "Kirk, Ezra"]
[Black "Trouve, Guillaume"]
[Result "1-0"]
[WhiteElo "2420"]
[BlackElo "2114"]
[PlyCount "111"]
[EventDate "2019.??.??"]
[EventCountry "AND"]

1. Nf3 Nf6 2. c4 e6 3. g3 a6 4. Bg2 d5 5. b3 d4 6. e3 c5 7. exd4 cxd4 8. O-O
Nc6 9. d3 Bd6 10. Re1 O-O 11. a3 a5 12. Qc2 h6 13. Nbd2 e5 14. Rb1 Bf5 15. Nh4
Bh7 16. Ne4 Nxe4 17. dxe4 Bc5 18. Qd3 Qd6 19. Ra1 Rab8 20. Nf5 Bxf5 21. exf5 f6
22. Bd5+ Kh8 23. Re4 b5 24. Rh4 Ne7 25. Be6 Ng8 26. cxb5 Rb7 27. Bc4 Re8 28. a4
Rbe7 29. Re4 Rc7 30. Bd2 Bb6 31. f4 Ne7 32. Be6 Nd5 33. fxe5 fxe5 34. Kh1 Nf6
35. Rae1 Nxe4 36. Qxe4 Rxe6 37. fxe6 Qxe6 38. Qxe5 Qxb3 39. Qf5 Qf7 40. Qxf7
Rxf7 41. Re6 Rb7 42. Kg2 Kg8 43. Kf3 Kf7 44. Rc6 Bd8 45. Ke4 Rd7 46. Kd3 Ke7
47. Ra6 Rd6 48. Rxd6 Kxd6 49. Kxd4 Bb6+ 50. Kc4 Ke5 51. Bc3+ Ke4 52. Bxg7 h5
53. Bc3 Kf3 54. Kd5 Bg1 55. Be5 Bxh2 56. b6 1-0

[Event "Andorra open"]
[Site "Escaldes"]
[Date "2019.08.04"]
[Round "9.15"]
[White "Richard, Emma"]
[Black "Hansen, Mads"]
[Result "0-1"]
[WhiteElo "2104"]
[BlackElo "2406"]
[PlyCount "90"]
[EventDate "2019.??.??"]
[EventCountry "AND"]

1. e4 c5 2. Nf3 e6 3. d4 cxd4 4. Nxd4 Nc6 5. Nc3 Qc7 6. Be2 a6 7. Nxc6 bxc6 8.
Qd3 e5 9. O-O Nf6 10. Qg3 d6 11. f4 Rb8 12. fxe5 dxe5 13. Kh1 h5 14. h3 Be6 15.
Qf2 a5 16. Bd3 Be7 17. b3 h4 18. Be3 Nh5 19. Rfd1 g5 20. Kg1 Rg8 21. Bc4 Bxc4
22. bxc4 Ng3 23. Ne2 Nxe4 24. Qf5 Nc5 25. Rf1 Rg7 26. Nc3 Rb4 27. Kh1 Ne6 28.
Ne4 Rxc4 29. Rab1 Rb4 30. c3 Rxb1 31. Rxb1 Rg6 32. Rf1 Rg7 33. Rb1 a4 34. Kh2
Rg6 35. Rf1 Nf4 36. Rb1 Kf8 37. Bc5 Kg7 38. Bxe7 Qxe7 39. Qc8 Qe6 40. Qc7 g4
41. Rb8 gxh3 42. Qd8 Rxg2+ 43. Kh1 Rg1+ 44. Kh2 Qxa2+ 45. Nd2 Qxd2+ 0-1